Best F1 drivers of all time - Statistics

General Stats
  • This quiz has been taken 650 times
  • The average score is 6 of 8
Answer Stats
# Nationality Answer % Correct
5 German Michael Schumacher
90%
8 Brazilian Ayrton Senna
87%
1 Argentine Juan Manuel Fangio
87%
6 British Lewis Hamilton
85%
3 French Alain Prost
83%
7 Italian Alberto Ascari
61%
2 British Jim Clark
58%
4 British Jackie Stewart
53%
No matching quizzes found
Score Distribution
Percent of People with Each Score
Percentile by Number Answered
Your Score History
You have not taken this quiz